00794nam a22002057a 4500999001900000005001700019010001500036020002700051035001400078037001300092082001700105100001600122245006800138260003600206270010500242300002500347500003300372942003100405952015200436 c175760d17576020200924160857.0 aENG-128477 a9789389137460c1680.00 aEN-112009 bDBAD/PUB a303.48254058 aStobdan, P. aIndia and Central Asia: The Strategic Dimension/cby P. Stobdan aNew DelhibKW Publishers c2020 a4676/21, First Floor Ansari Road DaryaganjbNew Delhie110002k+911123263498/ 43528107mkw@kwpub.com axix,502p.c24cm (Hb) aIncludes Annexures and Index 2ddccENh303.48254058mSTO 001040708NFICaBL4bBL4d2020-09-24eDBAD/PUBg1680.00l2o303.48254058 STOpEN-112009q2023-08-16r2023-08-02 00:00:00s2023-08-02v1680.00yEN